| 000 | 02376cam a22003494a 4500 | ||
|---|---|---|---|
| 001 | 12595669 | ||
| 005 | 20021120141923.0 | ||
| 008 | 011121s2002 maua 001 0 eng | ||
| 010 | _a 2001058189 | ||
| 020 | _a0763702366 (pbk.) | ||
| 040 |
_aDLC _cDLC _dDLC |
||
| 042 | _apcc | ||
| 050 | 0 | 0 |
_aRC87 _b.N3 2002 |
| 082 | 0 | 0 |
_a616.0252 _bGOO |
| 110 | 2 |
_aNational Safety Council. _921358 |
|
| 245 | 1 | 0 |
_aGood Samaritan : _bHelping in an Emergency / _cNational Safety Council. |
| 250 | _a4th ed. | ||
| 260 |
_aSudbury, Mass. : _bJones and Bartlett Publishers, 2002 _cc2002. |
||
| 300 |
_a31 p. : _bcol. ill. ; _c17 cm. |
||
| 500 | _aIncludes index. | ||
| 650 | 0 |
_aFirst aid in illness and injury _vPopular works. _921359 |
|
| 942 |
_2ddc _cNRB |
||
| 999 |
_c14850 _d14850 |
||